| 000 | 00638cab a2200229 4500 | ||
|---|---|---|---|
| 001 | WB2842-17 | ||
| 008 | 090401t1992 xxu||||| |||| 00| 0 eng d | ||
| 035 | _a(Sirsi) u49188 | ||
| 041 | _aeng | ||
| 245 | _aDTI plans advice network | ||
| 260 | _c1992 | ||
| 350 | _a0 | ||
| 490 |
_aFinancial Times _v27 October 1992, 12&17 |
||
| 520 | _aThe DTI is planning a network of `one-stop shops` throughout the country to act as advice centres for business. | ||
| 650 | _aADVICE CENTRES | ||
| 650 | _aBUSINESS LINK | ||
| 650 | _aDTI | ||
| 650 | _aONE-STOP SHOPS | ||
| 690 | _aECONOMIC AND SOCIAL | ||
| 942 | _n0 | ||
| 948 | _c04/03/1997 | ||
| 999 |
_c30792 _d30792 |
||